000 00685nam a2200229 i 4500
003 DO-SdBNP
005 20250530130827.0
007 ta
008 250530t2013 dr 000 0 spa d
040 _aDO-SdBNP
_bspa
_cBNPHU
_erda
082 _axxx
_bR426
_222
110 1 _aRepública Dominicana.
_bDespacho de la Primera Dama
_987920
245 1 0 _aProgramas y proyectos /
264 _a[Santo Domingo] :
_b[Despacho de la Primera Dama],
_c[2013].
300 _a47 páginas
_c28 cm.
336 _atexto
_btxt
_2rdacontent
337 _asin mediación
_bn
_2rdamedia
338 _avolumen
_bnc
_2rdacarrier
590 _aInventariado, 2025/ YL
910 _aYLockward
942 _2ddc
_cLF2
999 _c59105
_d59105